000 00818nam a2200217Ia 4500
001 3427
003 GE_BSU
008 181216s||||||||xx |||||||||||||| ||und||
040 _cGE_BSU
080 _a621.7(035.3)
100 _aАкимова,А.Ю. Арзамасов,Б.Н. Арутинова,И.А. и др.
245 _aСправочник металлиста в 5 томах.Том.2.
245 _cРед. сов. Б.Л.Богуславский, А.Н.Малов, М.П.Новиков и др. Под ред. А.Г.Рахштадтада В.А.Брострема.
250 _aИзд. третье, перераб.
260 _aМ.
260 _bМашиностроение.
260 _c1976.
300 _a720 стр. 21 см.
653 _aСправочник металлиста.
942 _cBK
999 _c37466
_d37466